| 000 | 00918nam a2200289 a 4500 | ||
|---|---|---|---|
| 001 | 557 | ||
| 003 | BR-CuiBMT | ||
| 005 | 20231109184047.0 | ||
| 008 | 231101s2009 mgba 001 0 por d | ||
| 020 | _a9788577002580 | ||
| 040 |
_aBR-CuiBMT _cBR-CuiBMT |
||
| 080 |
_a351.9 _22007 |
||
| 090 |
_a351.9 _bZ99d _c2. ed. |
||
| 100 | 1 | _aZymler, Benjamin | |
| 245 | 0 |
_aDireito administrativo e controle / _cBenjamin Zymler ; prefácio Jessé Torres Pereira Junior. |
|
| 250 | _a2. ed. | ||
| 260 |
_aBelo Horizonte : _bFórum, _c2010. |
||
| 300 |
_a344 p. ; _c24 cm. |
||
| 504 | _aInclui bibliografia e índice. | ||
| 590 | _8A Biblioteca possui a 1. reimpr. 2010. | ||
| 650 | _aDireito administrativo | ||
| 650 |
_aAdministração pública _xControle externo _zBrasil |
||
| 650 |
_aAdministração pública _xControle |
||
| 650 | _aContratos administrativos | ||
| 650 | _aProcesso administrativo | ||
| 942 |
_2udc _cLV |
||
| 999 |
_c557 _d557 |
||